000 01280cam a2200313 a 4500
001 203
003 BR-CuiBMT
005 20231123132728.0
008 230829s2020 mgba 010 0 por d
020 _a9788545007487 (v. 1)
020 _a9788545007494 (v. 2)
040 _aBR-CuiBMT
_cBR-CuiBMT
080 _22007
_a342.8
090 _a342.8
_bD383
245 0 0 _aDemocracia, justiça e cidadania :
_bdesafios e perspectivas : homenagem ao ministro Luís Roberto Barroso /
_cDaniel Castro Gomes da Costa ... [et al.] coordenadores ; [autores: Ademar Borges de Sousa Filho ... et al.] ; prefácio Rosa Weber.
260 _aBelo Horizonte :
_bFórum,
_c2020.
300 _a2 v. :
_bil. ;
_c24 cm
504 _aInclui bibliografia.
505 0 _av. 1. Direito eleitoral, política e democracia -- v. 2. Pensando as instituições, a justiça e o direito.
600 1 4 _aBarroso, Luís Roberto,
_d1958-
_xCarreira no direito
650 _aDireito constitucional
_zBrasil
650 _aDireito administrativo
_zBrasil
650 _aDireito eleitoral
_zBrasil
650 _aSistema eleitoral
_xDemocracia
650 _aJuristas brasileiros
700 1 _aCosta, Daniel Castro Gomes da
_4et al.
_4coord.
700 1 _aSousa Filho, Ademar Borges de
_eet al.
_eautores
942 _2udc
_cLV
999 _c203
_d203